|
|
|
|
| LEADER |
00000nam0a2200000 4500 |
| 001 |
165303 |
| 005 |
20231101222537.0 |
| 010 |
|
|
|a 9785394003912
|
| 035 |
|
|
|a (RuTPU)RU\TPU\book\179323
|
| 035 |
|
|
|a RU\TPU\book\146456
|
| 090 |
|
|
|a 165303
|
| 100 |
|
|
|a 20080407d2009 m y0rusy50 ca
|
| 101 |
0 |
|
|a rus
|
| 102 |
|
|
|a RU
|
| 105 |
|
|
|a y j 001zy
|
| 200 |
1 |
|
|a Психология рекламы и PR
|e учебное пособие
|f И. Ш. Резепов
|
| 205 |
|
|
|a 2-е изд.
|
| 210 |
|
|
|a Москва
|c Дашков и К
|d 2009
|
| 215 |
|
|
|a 224 с.
|
| 320 |
|
|
|a Список литературы: с. 222.
|
| 330 |
|
|
|a В простой и доступной форме в данной книге изложены оригинальные находки в области психологии рекламы и PR; показаны классические ошибки менеджеров по рекламе и PR в области психологии; широко представлены инновационные находки в современной рекламной и PR-деятельности.Книга может служить практическим пособием для подготовки менеджеров в высших учебных заведениях по курсу «Психология рекламы и PR», а также предназначена для всех интересующихся данной проблематикой.
|
| 451 |
|
1 |
|0 (RuTPU)RU\TPU\book\146456
|y 978-5-91131-617-4
|t Психология рекламы и PR
|o учебное пособие
|f И. Ш. Резепов
|c М.
|n Дашков и К
|d 2008
|p 224 с.
|a Резепов, Ильдар Шамильевич
|
| 606 |
1 |
|
|a Реклама
|2 stltpush
|3 (RuTPU)RU\TPU\subj\24860
|9 49135
|
| 606 |
1 |
|
|a Реклама
|x Психология
|2 stltpush
|3 (RuTPU)RU\TPU\subj\67860
|9 83508
|
| 610 |
1 |
|
|a экономика
|
| 610 |
1 |
|
|a реклама
|
| 610 |
1 |
|
|a психология AD&PR
|
| 610 |
1 |
|
|a массовая аудитория
|
| 610 |
1 |
|
|a общественное мнение
|
| 610 |
1 |
|
|a модель Фрейда
|
| 610 |
1 |
|
|a групповая психотерапия
|
| 610 |
1 |
|
|a психоанализ
|
| 610 |
1 |
|
|a товары
|
| 610 |
1 |
|
|a сбыт
|
| 610 |
1 |
|
|a покупатели
|
| 610 |
1 |
|
|a СМИ
|
| 610 |
1 |
|
|a телереклама
|
| 610 |
1 |
|
|a печатная реклама
|
| 610 |
1 |
|
|a наружная реклама
|
| 610 |
1 |
|
|a Интернет-реклама
|
| 610 |
1 |
|
|a психологическое воздействие
|
| 610 |
1 |
|
|a креатив
|
| 610 |
1 |
|
|a идеи
|
| 610 |
1 |
|
|a эффективность
|
| 610 |
1 |
|
|a паблик рилейшнз
|
| 610 |
1 |
|
|a PR
|
| 610 |
1 |
|
|a маркетинговые коммуникации
|
| 610 |
1 |
|
|a внутрикорпоративная культура
|
| 610 |
1 |
|
|a деловые игры
|
| 610 |
1 |
|
|a тренинги
|
| 610 |
1 |
|
|a имидж
|
| 610 |
1 |
|
|a мастер-классы
|
| 610 |
1 |
|
|a спичрайтеры
|
| 610 |
1 |
|
|a копирайтеры
|
| 610 |
1 |
|
|a спиндоктор
|
| 610 |
1 |
|
|a продюсеры
|
| 610 |
1 |
|
|a фрилансеры
|
| 610 |
1 |
|
|a рекламные кампании
|
| 610 |
1 |
|
|a BTL
|
| 610 |
1 |
|
|a учебные пособия
|
| 610 |
1 |
|
|a вербальные коммуникации
|
| 610 |
1 |
|
|a невербальные коммуникации
|
| 610 |
1 |
|
|a модели
|
| 610 |
1 |
|
|a игровые модели
|
| 610 |
1 |
|
|a математические модели
|
| 610 |
1 |
|
|a имиджевые модели
|
| 610 |
1 |
|
|a кибернетические модели
|
| 610 |
1 |
|
|a социально-педагогические модели
|
| 610 |
1 |
|
|a конфликтологические модели
|
| 610 |
1 |
|
|a семиотические модели
|
| 610 |
1 |
|
|a семантические модели
|
| 610 |
1 |
|
|a мифологические модели
|
| 610 |
1 |
|
|a психотерапевтические модели
|
| 610 |
1 |
|
|a НЛП
|
| 610 |
1 |
|
|a манипулирование
|
| 610 |
1 |
|
|a сексуальность
|
| 610 |
1 |
|
|a шрифты
|
| 610 |
1 |
|
|a цвет
|
| 610 |
1 |
|
|a свет
|
| 610 |
1 |
|
|a рекламные тексты
|
| 610 |
1 |
|
|a ИМК
|
| 610 |
1 |
|
|a интегрированные маркетинговые коммуникации
|
| 610 |
1 |
|
|a риск-менеджмент
|
| 610 |
1 |
|
|a брендинг
|
| 610 |
1 |
|
|a спонсоринг
|
| 610 |
1 |
|
|a благотворительность
|
| 610 |
1 |
|
|a фандрайзинг
|
| 675 |
|
|
|a 659(075.8)
|v 3
|
| 675 |
|
|
|a 659.4(075.8)
|v 3
|
| 686 |
|
|
|a Ю945я73
|v LBC/SL-A
|2 rubbk
|
| 700 |
|
1 |
|a Резепов
|b И. Ш.
|g Ильдар Шамильевич
|
| 801 |
|
1 |
|a RU
|b 63413507
|c 20090917
|
| 801 |
|
2 |
|a RU
|b 63413507
|c 20200115
|g RCR
|
| 900 |
|
|
|a Психология рекламной деятельности
|
| 900 |
|
|
|a Психология рекламы
|
| 942 |
|
|
|c BK
|
| 959 |
|
|
|a 94/20090916
|d 2
|e 154,00
|f ЧЗГЛ:1
|f АНЛ:1
|